000 002940000a22001330004500
003 MACL
040 _aMACL
090 _c32572
_d32570
100 _aSpevak, Peter A
245 _aEmpowering Underachievers
260 _bMagna Publishing
_c2000
650 _aEducation
942 _cBOOK
_k371.28/Spe
999 _c32239
_d32239